000 00721nam a2200289Ia 4500
005 20260324143051.0
008 008 260324s9999 xx 000 0 eng d
020 _a9781315560724
037 _aEBOOK
040 _aCRL
040 _beng
040 _cCRL
041 _2eng
041 _aeng
084 _qCRL
100 _aAlice Levine; Robert N. Keane
_91214260
245 0 _aRereading Byron
245 0 _bEssays Selected from Hofstra University's Byron Bicentennial Conference
260 _bTaylor and Francis
260 _c1993
365 _a
365 _b230
856 _uhttp://www.taylorfrancis.com/books/9781315560724
942 _cEBOOK
999 _c1819232
_d1819232